000
002790000a22000970004500
100
1
_a
Blocher, Henri
245
1
0
_a
The scope of redemption and modern theology
300
_a
Vol. 9, Num. 2 (1991), Páginas 80-103
773
0
_t
Scottish Bulletin of Evangelical Theology
942
_c
ANA
999
_c
55688
_d
55688